000
00327nam a22001457a 4500
008
210603b ||||| |||| 00| 0 eng d
020
_a
9780071051606
041
_a
eng
080
_2
8th
_a
336
082
_a
336
100
_a
56
101
_a
FIN
245
_a
Fundamentals of Corporate Finance
_c
Ross,S.A
942
_2
udc
_c
BK
999
_c
57943
_d
57943